000 00601nam a2200193Ia 4500
003 GCL
008 140319s9999 xx 000 0 ara d
040 _aGCL /
_cGCL
082 0 4 _a346.09
_bع ا
100 1 _aعبدالحكم فودة
245 1 0 _aالاوراق التجارية على ضوء الفقة وقضاء النقض /
_cعبدالحكم فودة
260 _a[S.N] :
_bدار الفكر الجامعى ،
_c1993
300 _a275 ص
490 _a
650 0 4 _aالقانون
650 0 4 _aالقانون الخاص
650 0 4 _aالاوراق المالية
942 _2ddc
_cBK
999 _c55416
_d55416